ბათუმის შოთა რუსთაველის სახელმწიფო უნივერსიტეტის ბიბლიოთეკა

Public health 101 : (ბიბ.ჩანაწერი № 57406)

000 -LEADER
fixed length control field 00725cam a22002178i 4500
001 - CONTROL NUMBER
control field 20015396
005 - DATE AND TIME OF LATEST TRANSACTION
control field 20221105200226.0
008 - FIXED-LENGTH DATA ELEMENTS--GENERAL INFORMATION
fixed length control field 170919s2019 mau b 001 0 eng
020 ## - INTERNATIONAL STANDARD BOOK NUMBER
International Standard Book Number 9781284118445 1
041 ## - LANGUAGE CODE
Language code of text/sound track or separate title eng
080 ## - UNIVERSAL DECIMAL CLASSIFICATION NUMBER
Universal Decimal Classification number 614.2 R-55
100 1# - MAIN ENTRY--PERSONAL NAME
Personal name Riegelman, Richard K.
9 (RLIN) 8460
245 10 - TITLE STATEMENT
Title Public health 101 :
Remainder of title improving community health /
Statement of responsibility, etc. Richard Riegelman, Brenda Kirkwood.
250 ## - EDITION STATEMENT
Edition statement Third edition.
264 #1 - PRODUCTION, PUBLICATION, DISTRIBUTION, MANUFACTURE, AND COPYRIGHT NOTICE
Place of production, publication, distribution, manufacture Burlington, MA :
Name of producer, publisher, distributor, manufacturer Jones & Bartlett Learning,
Date of production, publication, distribution, manufacture, or copyright notice 2019.
300 ## - PHYSICAL DESCRIPTION
Extent 338 p. ;
Dimensions 24 cm.
653 ## - INDEX TERM--UNCONTROLLED
keyword მედიცინა
653 ## - INDEX TERM--UNCONTROLLED
keyword საზოგადოებრივი ჯანდაცვა
700 1# - ADDED ENTRY--PERSONAL NAME
Personal name Kirkwood, Brenda,
Relator term ავტორი
9 (RLIN) 8462
942 ## - ADDED ENTRY ELEMENTS (KOHA)
Source of classification or shelving scheme
Koha item type წიგნი
ეგზემპლარები
Withdrawn status Lost status Source of classification or shelving scheme Damaged status Not for loan Permanent Location Current Location Shelving location Date acquired Cost, normal purchase price Full call number Barcode Date last seen Copy number Price effective from Koha item type Public note
          ბათუმის შოთა რუსთაველის სახელმწიფო უნივერსიტეტის მთავარი ბიბლიოთეკა ბათუმის შოთა რუსთაველის სახელმწიფო უნივერსიტეტის მთავარი ბიბლიოთეკა წიგნსაცავი 2020-06-17 159.00 614.2 R-55 60598 2020-06-17 60598 2020-06-17 წიგნი 159 ლ.